| Tag |
First Indicator |
Second Indicator |
Subfields |
| LEADER |
00000cam a2200000 a 4500 |
| 001 |
in00000019255 |
| 005 |
20241203172544.0 |
| 008 |
870311s1985 fr fa b 001 0 fre |
| 010 |
|
|
|a 86159114
|
| 020 |
|
|
|a 2865540065:
|c 495F
|
| 035 |
|
|
|a (OCoLC)15042965
|
| 035 |
|
|
|9 AAB4349AM
|
| 040 |
|
|
|a DLC
|c DLC
|d m/c
|d TXA
|d UtOrBLW
|
| 043 |
|
|
|a e-fr---
|a e-sp---
|
| 049 |
|
|
|a TXAM
|c [A12555319]
|
| 050 |
0 |
0 |
|a DC233.V3
|b S27 1985
|
| 100 |
1 |
|
|a Sarramon, Jean.
|
| 245 |
1 |
3 |
|a La bataille de Vitoria:
|b la fin de l'aventure napoléonienne en Espagne /
|c Jean Sarramon; préface du comte Clauzel.
|
| 264 |
|
1 |
|a Paris:
|b J.C. Bailly,
|c 1985.
|
| 300 |
|
|
|a xxi, 727 pages, 11 unnumbered leaves of plates (some folded):
|b illustrations (some color);
|c 22 cm.
|
| 336 |
|
|
|a text
|b txt
|2 rdacontent
|
| 337 |
|
|
|a unmediated
|b n
|2 rdamedia
|
| 338 |
|
|
|a volume
|b nc
|2 rdacarrier
|
| 490 |
1 |
|
|a Mémoires & documents d'histoire
|
| 504 |
|
|
|a Bibliography: pages [699]-703.
|
| 500 |
|
|
|a Includes index.
|
| 650 |
|
0 |
|a Vitoria, Battle of, Vitoria, Spain, 1813.
|
| 651 |
|
0 |
|a Vitoria (Spain)
|x History, Military.
|
| 830 |
|
0 |
|a Mémoires & documents d'histoire.
|
| 999 |
|
|
|a MARS
|
| 999 |
f |
f |
|s d20e2e01-650b-3929-8d19-fcde7776cc0d
|i 4d9e1ce7-296a-3a34-8176-3465f657650d
|t 0
|
| 952 |
f |
f |
|p ric
|a Texas A&M University
|b Rellis Campus
|c Joint Library Facility
|d Remote Storage
|t 0
|e DC233.V3 S27 1985
|h Library of Congress classification
|i unmediated -- volume
|m A14812555319
|
| 998 |
f |
f |
|a DC233.V3 S27 1985
|t 0
|l Remote Storage
|